Process systems analysis and control (Record no. 13575)

000 -LEADER
fixed length control field 00578nam a22002051 4500
001 - CONTROL NUMBER
control field 13575
003 - CONTROL NUMBER IDENTIFIER
control field BD-DhUET
008 - FIXED-LENGTH DATA ELEMENTS--GENERAL INFORMATION
fixed length control field 730306s1965 nyua b 000 0 eng
040 ## - CATALOGING SOURCE
Original cataloging agency DLC
Transcribing agency DLC
Modifying agency BD-DhUET
082 ## - DEWEY DECIMAL CLASSIFICATION NUMBER
Classification number 660.284
Item number COU/1965
100 1# - MAIN ENTRY--PERSONAL NAME
Personal name Coughanowr, Donald R.
245 10 - TITLE STATEMENT
Title Process systems analysis and control
250 ## - EDITION STATEMENT
Edition statement 1st ed.
260 ## - PUBLICATION, DISTRIBUTION, ETC. (IMPRINT)
Place of publication, distribution, etc. New York
Name of publisher, distributor, etc. McGraw-Hill
Date of publication, distribution, etc. 1965
300 ## - PHYSICAL DESCRIPTION
Extent xii, 491 p.
Other physical details ill.
Dimensions 21 cm.
490 ## - SERIES STATEMENT
Series statement McGraw-Hill chemical engineering series
650 #0 - SUBJECT ADDED ENTRY--TOPICAL TERM
Topical term or geographic name as entry element Control devices process engineering
700 ## - ADDED ENTRY--PERSONAL NAME
Personal name Koppel, Lowell B.
942 ## - ADDED ENTRY ELEMENTS (KOHA)
Koha item type General Book
Holdings
Location (home branch) Koha issues (times borrowed) Koha full call number Not for loan Koha item type Lost status Sublocation or collection (holding branch) Price effective from Koha normalized classification for sorting Koha date last borrowed Piece designation (barcode) Koha date last seen Copy number Withdrawn status Date acquired Damaged status Shelving location Source of classification or shelving scheme
Central Library, BUET 660.284/COU/1965 General Book Central Library, BUET2015-03-03660_284000000000000_COU_1965 296992015-03-031 2015-03-03 Circulation section 
Central Library, BUET1660.284/COU/1965 General Book Central Library, BUET2015-03-03660_284000000000000_COU_19652017-05-09296892017-05-092 2015-03-03 Circulation section 
Central Library, BUET 660.284/COU/1965 General Book Central Library, BUET2015-03-03660_284000000000000_COU_1965 296972015-03-033 2015-03-03 Circulation section 
Central Library, BUET 660.284/COU/1965 General Book Central Library, BUET2015-03-03660_284000000000000_COU_1965 296922015-03-034 2015-03-03 Circulation section 
Central Library, BUET 660.284/COU/1965 General Book Central Library, BUET2015-03-03660_284000000000000_COU_1965 296982015-03-035 2015-03-03 Circulation section 
Central Library, BUET 660.284/COU/1965 General Book Central Library, BUET2015-03-03660_284000000000000_COU_1965 296902015-03-036 2015-03-03 Circulation section 
Central Library, BUET 660.284/COU/1965 General Book Central Library, BUET2015-03-03660_284000000000000_COU_1965 296882015-03-037 2015-03-03 Cataloging to Circulation 
Central Library, BUET 660.284/COU/1965 General Book Central Library, BUET2015-03-04660_284000000000000_COU_1965 345192015-03-048 2015-03-04 Circulation section 
Central Library, BUET 660.284/COU/1965 General Book Central Library, BUET2015-05-11660_284000000000000_COU_1965 296942015-05-119 2015-05-11 Circulation section 
Central Library, BUET 660.284/COU/1965 General Book Central Library, BUET2015-05-11660_284000000000000_COU_1965 296962015-05-1110 2015-05-11 Circulation section 
Central Library, BUET 660.284/COU/1965 General Book Central Library, BUET2015-05-13660_284000000000000_COU_1965 296952015-05-1311 2015-05-13 Circulation section 
Central Library, BUET 660.284/COU/1965 General Book Central Library, BUET2015-05-14660_284000000000000_COU_1965 178692015-05-1412 2015-05-14 Circulation section 
Central Library, BUET 660.284/COU/1965 General Book Central Library, BUET2015-05-18660_284000000000000_COU_1965 158222015-05-1813 2015-05-18 Circulation section 
Central Library, BUET 660.284/COU/1965 General Book Central Library, BUET2015-06-20660_284000000000000_COU_1965 297002015-06-2014 2015-06-20 Reading section 
Central Library, BUET 660.284/COU/1965 General Book Central Library, BUET2015-06-20660_284000000000000_COU_1965 297012015-06-2015 2015-06-20 Reading section 
Central Library, BUET 660.284/COU/1965 General Book Central Library, BUET2015-07-10660_284000000000000_COU_1965 167162015-07-1016 2015-07-10 Circulation section